[Event "Tourn. n8351"]
[Site "www.chess-mail.com"]
[Date "2015.08.05"]
[Round "1"]
[White "Heiserman"]
[Black "Jhw"]
[WhiteElo "2250"]
[BlackElo "2099"]
[Result "0-1"]
[Round "1"]
1.d4 c5
2.Ng1f3 Qd8a5
3.Nb1c3 c4
4.e4 b5
5.Bc1d2 b4
6.Nc3d5 e6
7.Nd5f4 g5
8.Nf4e2 g4
9.Nf3e5 d5
10.exd5 exd5
11.Ne2g3 h5
12.Qd1e2 Bf8e7
13.a3 c3
14.bxc3 bxc3
15.Bd2f4 Bc8a6
16.Ne5c6 Nb8xc6
17.Qe2xa6 Qa5xa6
18.Bf1xa6 Nc6xd4
19.O-O-O Be7xa3
20.Kb1 Ba3c5
21.Rh1e1 Ng8e7
22.Bf4e5 Rh8h6
23.Be5xd4 Rh6b6
24.Ka2 Rb6xa6
25.Kb3 Ra6a3

0-1

[Event "Tourn. n8316"]
[Site "www.chess-mail.com"]
[Date "2015.08.05"]
[Round "1"]
[White "Coraza"]
[Black "Llcervello"]
[WhiteElo "1789"]
[BlackElo "1630"]
[Result "0-1"]
[Round "1"]
1.e4 e5
2.Ng1f3 f6
3.Nb1c3 c6
4.g3 d6
5.Bf1g2 b5
6.b3 Qd8b6
7.O-O Bc8a6
8.d3 h6
9.Bc1e3 Qb6a5
 { time }
0-1

[Event "Match"]
[Site "www.echecsemail.com"]
[Date "2015.08.05"]
[Round "1"]
[White "Orae"]
[Black "Add"]
[WhiteElo "1969"]
[BlackElo "2010"]
[Result "1-0"]
[Round "1"]
1.e4 d5
2.d4 dxe4
3.Nb1c3 Ng8f6
4.Bc1g5 Bc8f5
5.Bf1c4 c6
6.Bg5xf6 exf6
7.Qd1h5 g6
8.Qh5e2 Qd8xd4
9.Ng1f3 b5
10.Nf3xd4 bxc4
11.f3 Nb8d7
12.g4 Bf5e6
13.Nd4xc6 exf3
14.Qe2xf3 Bf8h6
15.Nc6d4 O-O
16.Qf3h3 Kg7
17.Rh1f1 Rf8e8
18.Kd1 Nd7e5
19.Qh3g2 Be6xg4
20.Nd4e2  { time }
1-0

[Event "Match"]
[Site "www.echecsemail.com"]
[Date "2015.08.05"]
[Round "1"]
[White "Ditto"]
[Black "Generalfree"]
[WhiteElo "1800"]
[BlackElo "1800"]
[Result "0-1"]
[Round "1"]
1.d4 c6
2.Ng1f3 g6
3.Bc1f4 d6
4.c4 Bf8g7
5.Nb1c3 f6
6.e3 h5
7.e4 g5
8.Bf4e3 g4
9.Nf3d2 a6
10.Qd1c2 b5
11.c5 d5
12.Bf1e2 dxe4
13.Nd2xe4 f5
14.Ne4g3 Bg7xd4
15.Ra1d1 e5
16.Be3xd4 exd4
17.O-O Qd8f6
18.Nc3b1 Bc8e6
19.a3 h4
20.Ng3h1 f4
21.Rf1e1 Ng8e7
22.b4 Rh8g8
23.Nb1d2 f3
24.Be2d3 fxg2
25.Kxg2 h3
26.Kg1 Nb8d7
27.Nd2e4 Qf6f3
28.Bd3f1 Be6f5
29.Nh1g3 Nd7e5
30.Ne4f6 Kf7
31.Nf6xg8 Bf5xc2
32.Rd1d2 Bc2d3
33.Ng8h6 Kg6
34.Rd2xd3 Ne5xd3
35.Re1e6 Kg5
36.Ng3e4 Kh4
37.Re6xe7 Ra8h8
38.Nh6f7 Rh8f8
39.Nf7g5 Qf3f5
40.Re7h7 Qf5xh7
41.Ng5xh7 Rf8f4
42.Bf1xd3 Rf4f3
43.Bd3e2 Rf3xa3
44.Nh7f6 Ra3a1
45.Be2f1 Ra1e1
46.Ne4d2 d3
47.Nf6e4 Re1d1
48.Nd2b3 Rd1b1
49.Ne4d2 Rb1d1
50.Nd2e4 Rd1b1
51.Ne4d2 Rb1e1
52.Nb3d4 Re1a1
53.Nd4xc6 Ra1d1
54.Nd2e4 d2
55.Nc6d4 Rd1xf1
56.Kxf1 d1Q

0-1

[Event "Match"]
[Site "www.echecsemail.com"]
[Date "2015.08.05"]
[Round "1"]
[White "Gegonz"]
[Black "Orae"]
[WhiteElo "1970"]
[BlackElo "1969"]
[Result "1-0"]
[Round "1"]
1.d3 e5
2.Bc1d2 Ng8f6
3.Nb1c3 Bf8c5
4.Ng1f3 Nf6g4
5.e3 d6
6.Bf1e2 Nb8c6
7.O-O Bc8e6
8.h3 Ng4f6
9.a3 Qd8d7
10.b4 Bc5b6
11.Nc3a4 Be6xh3
12.gxh3 Qd7xh3
13.Nf3h2 O-O-O
14.Be2g4 Nf6xg4
15.Qd1xg4 Qh3xg4
16.Nh2xg4 h5
17.Ng4h2 g5
18.Na4xb6 axb6
19.f3 f5
20.Rf1f2 h4
21.Rf2g2 Rd8g8
22.Kf2 h3
23.Rg2g3 f4
24.exf4 Nc6d4
25.Ra1c1 Nd4f5
26.Rg3xg5 Nf5e7
27.Rc1g1 c5
28.fxe5 dxe5
29.Bd2c3 Kd7
30.Rg5xg8 Ne7xg8
31.Bc3xe5 Rh8h5
32.f4 Ng8h6
33.Rg1g5 Rh5h4
34.Kg3 Nh6f5
35.Rg5xf5 Rh4h7
36.c4 Ke6
37.Rf5f6 Ke7
38.Rf6xb6 Ke8
39.d4 cxd4
40.Be5xd4 Kd8
41.c5 Kc7
42.Rb6g6 Kd7
43.Rg6g7 Rh7xg7
44.Bd4xg7 Kc6
45.f5 { resign }
1-0

[Event "Match"]
[Site "www.echecsemail.com"]
[Date "2015.08.05"]
[Round "1"]
[White "Pgcbies"]
[Black "Gimmyg"]
[WhiteElo "2680"]
[BlackElo "2260"]
[Result "0-1"]
[Round "1"]
1.e4 Nb8c6
2.d4 d5
3.e5 Bc8f5
4.c3 f6
5.f4 fxe5
6.fxe5 Qd8d7
7.Bf1d3 O-O-O
8.Ng1e2 g6
9.O-O e6
10.b4 Bf8h6
11.Bd3xf5 gxf5
12.Nb1d2 Bh6xd2
13.Bc1xd2 Ng8e7
14.Ne2f4 Kb8
15.Nf4h5 Ne7c8
16.Bd2g5 Nc6e7
17.a4 h6
18.Bg5f6 Rh8g8
19.Qd1c1 Rg8g6
20.Nh5f4 Rg6g4
21.Rf1f3 Nc8b6
22.h3 Rg4g8
23.a5 Nb6c4
24.Nf4d3 Rd8e8
25.Nd3c5 Qd7c8
26.Qc1xh6 b6
27.Nc5d3 Ne7c6
28.h4 Qc8d7
29.Rf3h3 Nc6d8
 { time }
0-1

[Event "Match"]
[Site "www.echecsemail.com"]
[Date "2015.08.05"]
[Round "1"]
[White "Chapi"]
[Black "Jhw"]
[WhiteElo "2080"]
[BlackElo "1779"]
[Result "0-1"]
[Round "1"]
1.d4 c6
2.c4 b5
3.e4 e6
4.cxb5 cxb5
5.Bf1xb5 Qd8a5
6.Nb1c3 Bf8b4
7.Ng1e2 Qa5xb5
8.a3 Bb4xc3
9.bxc3 Bc8a6
10.Bc1f4 Nb8c6
11.Ra1b1 Qb5xe2
12.Qd1xe2 Ba6xe2
13.Kxe2 Ng8f6
14.f3 Ke7
15.Rb1b7 h6
16.Rh1b1 g5
17.Bf4g3 Rh8c8
18.Kd3 Nf6h5
19.Bg3f2 Nh5f4
20.Kc2 Nf4xg2
21.c4 Nc6a5
22.Rb7b4 Na5xc4
23.Kd3 Ng2f4
{ resign }
0-1

[Event "Match"]
[Site "www.echecsemail.com"]
[Date "2015.08.05"]
[Round "1"]
[White "Fanny33"]
[Black "Manolinex"]
[WhiteElo "2780"]
[BlackElo "2800"]
[Result "1/2-1/2"]
[Round "1"]
1.e4 e5
2.Bf1c4 Ng8f6
3.d3 c6
4.Ng1f3 d5
5.Bc4b3 Bf8b4
6.Bc1d2 Bb4xd2
7.Qd1xd2 O-O
8.Nf3xe5 Qd8e7
9.f4 dxe4
10.d4 Bc8e6
11.O-O Be6xb3
12.axb3 Rf8d8
13.c4 Nb8d7
14.Qd2e3 c5
15.Ne5xd7 Nf6g4
16.Qe3e2 Qe7xd7
17.d5 f5
18.Nb1c3 { draw }
1/2-1/2

[Event "Fast Game"]
[Site "www.echecsemail.com"]
[Date "2015.08.05"]
[Round "1"]
[White "Fkarpov"]
[Black "Yangqi"]
[WhiteElo "1860"]
[BlackElo "1930"]
[Result "0-1"]
[Round "1"]
1.d4 f5
2.Bc1g5 g6
3.Nb1d2 Bf8g7
4.e3 h6
5.Bg5f4 d6
6.Ng1f3 Ng8f6
7.Bf4g3 O-O
8.Bf1d3 Bc8e6
9.O-O Nf6h5
10.Nf3h4 Be6f7
11.Nd2f3 Nb8d7
12.h3 Nh5xg3
13.fxg3 e6
14.Nf3h2 c5
15.Nh4f3 cxd4
16.exd4 e5
17.dxe5 dxe5
18.Bd3b5 Qd8b6
19.Kh1 Qb6xb5
{ resign }
0-1

[Event "Tourn. n8293"]
[Site "www.chess-mail.com"]
[Date "2015.08.06"]
[Round "1"]
[White "Neverless"]
[Black "Nimzo"]
[WhiteElo "2660"]
[BlackElo "2720"]
[Result "0-1"]
[Round "1"]
1.e4 c5
2.Ng1f3 d6
3.d4 cxd4
4.Nf3xd4 Ng8f6
5.Nb1c3 g6
6.Bc1e3 Bf8g7
7.f3 O-O
8.Qd1d2 Nb8c6
9.O-O-O d5
10.exd5 Nf6xd5
11.Nd4xc6 bxc6
12.Be3d4 Bg7xd4
13.Qd2xd4 Qd8b6
14.Nc3a4 Qb6c7
15.Bf1c4 Rf8d8
16.Na4c5 Bc8f5
17.Bc4b3 Nd5f4
18.Qd4f2 Rd8xd1
19.Rh1xd1 Ra8d8
20.Rd1xd8 Qc7xd8
21.g3 Nf4d5
22.g4 Bf5c8
23.Qf2d4 Qd8d6
24.Nc5e4 Qd6f4
 { time }
0-1

[Event "Tourn. n8275"]
[Site "www.chess-mail.com"]
[Date "2015.08.06"]
[Round "1"]
[White "Passaroa25"]
[Black "Goodwill"]
[WhiteElo "1550"]
[BlackElo "1499"]
[Result "1-0"]
[Round "1"]
1.e4 c5
2.Ng1e2 Nb8c6
3.Ne2g3 d6
4.c3 Ng8f6
5.f3 g6
6.d3 Bf8g7
7.Nb1d2 O-O
8.Nd2b3 b6
9.Bc1e3 d5
10.Be3d2 a5
11.Bf1e2 e6
12.O-O Bc8a6
13.Rf1e1 dxe4
14.dxe4 Ba6xe2
15.Ng3xe2 Qd8e7
16.Bd2e3 Rf8d8
17.Nb3d2 Rd8d3
18.Be3f2 Ra8d8
19.Bf2h4 Rd3xd2
20.Qd1b3 Qe7d6
21.Bh4g3 Nf6h5
22.Bg3xd6 Rd8xd6
23.Qb3xb6 Nc6e7
24.Ra1b1 Rd6xb6
25.b3 Rd2xa2
26.Ne2g3 Nh5xg3
27.hxg3 Bg7xc3
28.Re1d1 Bc3d4
29.Kh2 Ne7c6
30.Kh3 Kg7
31.g4 g5
32.g3 e5
33.f4 gxf4
34.gxf4 exf4
35.Rd1f1 Bd4e3
36.Rf1d1 Nc6d4
37.g5 Rb6xb3
38.Kg4 Ra2g2
39.Kh3  { time }
1-0

[Event "Tourn. n8316"]
[Site "www.chess-mail.com"]
[Date "2015.08.06"]
[Round "1"]
[White "Mitja"]
[Black "Llcervello"]
[WhiteElo "1660"]
[BlackElo "1630"]
[Result "1-0"]
[Round "1"]
1.d4 d5
2.e3 e6
3.Ng1f3 Ng8f6
4.a3 Nf6e4
5.Nb1d2 f6
6.Nd2xe4 dxe4
7.Nf3d2 f5
8.Nd2c4 Bf8d6
9.Nc4xd6 Qd8xd6
10.c3 O-O
11.Bf1c4 c6
12.Bc4a2 b5
13.b4 Nb8d7
14.Bc1b2 Nd7f6
15.O-O f4
16.exf4 Qd6xf4
17.Bb2c1 Qf4f5
18.f3 exf3
19.Rf1xf3 Qf5g6
20.Qd1e1 Nf6e4
21.Rf3xf8 Kxf8
22.Ba2b1 Qg6f6
23.Bb1xe4 e5
24.Qe1f1 Qf6xf1
25.Kxf1 exd4
26.cxd4 Kg8
27.Be4xc6 Ra8b8
28.Bc1f4 Rb8b6
29.Ra1c1 Bc8e6
30.d5 Be6f5
31.Bf4c7 Bf5d3
32.Kg1 Rb6a6
33.Rc1c3 Bd3c4
34.Rc3e3 Kf7
35.d6 Bc4e6
36.d7 Be6xd7
37.Bc6xd7 g6
38.Bd7xb5 Ra6f6
39.Bb5c4 Kf8
40.Re3f3 Rf6xf3
41.gxf3 Ke7
42.Bc7b8 h5
43.Bb8xa7 g5
44.b5 g4
45.fxg4 hxg4
46.b6 Kf6
47.b7 { resign }
1-0

[Event "Tourn. n8346"]
[Site "www.chess-mail.com"]
[Date "2015.08.06"]
[Round "1"]
[White "Mitja"]
[Black "Ruko"]
[WhiteElo "1770"]
[BlackElo "1880"]
[Result "0-1"]
[Round "1"]
1.d4 Ng8f6
2.e3 d5
3.h3 e6
4.a3 c5
5.dxc5 Bf8xc5
6.Ng1f3 Nb8c6
7.Nb1d2 Qd8c7
8.Nd2b3 Bc5d6
9.Nb3d4 Bc8d7
10.Nd4xc6 Bd7xc6
11.c3 O-O
12.Bf1e2 Ra8c8
13.b4 Bc6a4
14.Qd1d3 Qc7xc3
15.Qd3xc3 Rc8xc3
16.O-O Rc3c8
17.Bc1b2 Nf6e4
18.Rf1c1 h6
19.Be2d1 Ba4xd1
20.Rc1xd1 Rc8c2
21.Ra1a2 Rc2xf2
22.Rd1a1 Rf8c8
23.Bb2e5 Rf2xa2
24.Ra1xa2 Bd6xe5
25.Nf3xe5 Rc8c1
26.Kh2 Rc1c3
27.Ne5g4 f5
28.Ng4f2 Ne4xf2
{ resign }
0-1

[Event "Tourn. n8245"]
[Site "www.chess-mail.com"]
[Date "2015.08.06"]
[Round "1"]
[White "Yakke"]
[Black "Redabond"]
[WhiteElo "1760"]
[BlackElo "1639"]
[Result "0-1"]
[Round "1"]
1.e4 e5
2.Ng1f3 Nb8c6
3.Bf1b5 Ng8f6
4.Nb1c3 Bf8c5
5.O-O O-O
6.a3 d6
7.d3 Bc8d7
8.h3 a6
9.Bb5xc6 Bd7xc6
10.Bc1g5 h6
11.Bg5xf6 Qd8xf6
12.d4 Bc5xd4
13.Nf3xd4 exd4
14.Nc3d5 Qf6e5
15.Nd5xc7 Qe5xe4
16.f3 Qe4e3
17.Kh1 Ra8c8
18.Rf1e1 Rc8xc7
19.Re1xe3 dxe3
20.Qd1xd6 Rc7d7
21.Qd6c5 Rf8e8
22.Ra1e1 e2
23.Qc5c4 Bc6b5
24.Qc4g4 Rd7d1
25.Qg4g3 Rd1xe1
26.Qg3xe1 Re8d8
27.Kh2 Rd8d1
28.Qe1xe2 Bb5xe2
29.Kg3 Rd1d2
30.h4 Rd2xc2
31.b3 Rc2c3
32.Kf2 Rc3xb3
33.Kxe2 Rb3xa3
34.Kf2 Ra3c3
35.Kg3 a5
36.Kg4 a4
37.g3 a3
38.f4 a2
39.h5 a1Q
40.Kh4 Qa1h1
41.Kg4 Qh1f3
42.Kf5 { time. }
0-1

[Event "Tourn. n8347"]
[Site "www.chess-mail.com"]
[Date "2015.08.06"]
[Round "1"]
[White "Mitja"]
[Black "Panamski"]
[WhiteElo "1800"]
[BlackElo "2080"]
[Result "0-1"]
[Round "1"]
1.d4 d5
2.e3 e6
3.Ng1f3 Ng8f6
4.c3 Bf8e7
5.Nb1d2 O-O
6.Bf1d3 h6
7.Bd3c2 Nb8d7
8.Nd2b3 b6
9.Qd1d3 c5
10.dxc5 bxc5
11.Qd3e2 a5
12.O-O Bc8a6
13.Qe2e1 Ba6xf1
14.Qe1xf1 a4
15.Nb3d2 c4
16.Qf1d1 Nd7c5
17.Nf3e5 Qd8b6
18.a3 Qb6c7
19.Ne5f3 Rf8d8
20.h3 Nf6e4
21.Nd2xe4 dxe4
{ resign }
0-1

[Event "Match"]
[Site "www.echecsemail.com"]
[Date "2015.08.06"]
[Round "1"]
[White "Coraza"]
[Black "Harrytheking"]
[WhiteElo "1789"]
[BlackElo "1770"]
[Result "1-0"]
[Round "1"]
1.e4 b6
2.Ng1f3 Bc8a6
3.d3 e6
4.Nf3g5 Ng8h6
5.Ng5h3 Bf8e7
6.Bc1xh6 gxh6
7.Qd1d2 Nb8c6
8.Qd2xh6 Be7f8
9.Qh6h5 h6
10.Nb1d2 Nc6e7
11.O-O-O Ne7g8
12.Rd1e1 Ng8f6
13.Qh5f3 Qd8e7
14.e5 Nf6d5
15.c4  { time }
1-0

[Event "Match"]
[Site "www.echecsemail.com"]
[Date "2015.08.06"]
[Round "1"]
[White "Hansen"]
[Black "Wagner"]
[WhiteElo "1510"]
[BlackElo "1670"]
[Result "0-1"]
[Round "1"]
1.c3 e5
2.Ng1f3 Nb8c6
3.e4 d5
4.Bf1b5 dxe4
5.Nf3xe5 Qd8f6
6.Qd1h5 g6
7.Qh5e2 Qf6xe5
8.d4 Qe5d5
9.Bc1f4 Ng8f6
10.Bf4xc7 Bc8g4
11.f3 Ra8c8
12.Bc7e5 Bf8e7
13.fxg4 O-O
14.g5 Nf6d7
15.c4 Nc6xd4
16.Be5xd4 Qd5xd4
17.Nb1c3 Be7b4
18.Ra1d1 Bb4xc3
19.bxc3 Qd4xc3
20.Kf1 Nd7e5
21.Qe2xe4 Rc8d8
22.Rd1xd8 Rf8xd8
23.Kf2 Rd8d2
24.Kf1 Ne5d3
25.Qe4e8 Kg7
26.h4 Qc3c1
27.Qe8e1 Qc1xe1
{ resign }
0-1

[Event "Match"]
[Site "www.echecsemail.com"]
[Date "2015.08.06"]
[Round "1"]
[White "Llord"]
[Black "Culiflori"]
[WhiteElo "1870"]
[BlackElo "1900"]
[Result "1-0"]
[Round "1"]
1.e4 e5
2.Ng1f3 Nb8c6
3.Bf1c4 Bf8c5
4.O-O Ng8f6
5.Nb1c3 d6
6.d3 Bc8g4
7.h3 Bg4h5
8.Bc1e3 Nc6d4
9.Nc3d5 Nd4xf3
10.gxf3 Qd8d7
11.Nd5xf6 gxf6
12.Kh2 O-O-O
13.Rf1g1 Rd8g8
14.Qd1e2 f5
15.Be3xc5 dxc5
16.a4 Rg8xg1
17.Ra1xg1 Qd7xa4
18.Rg1g5 Bh5g6
19.exf5 f6
20.fxg6 fxg5
21.g7 Qa4e8
22.gxh8Q Qe8xh8
23.Bc4e6 Kb8
24.c3 Qh8f6
25.Be6g4 b6
26.Qe2e4 h6
27.f4 gxf4
28.Bg4f3 { resign }
1-0

[Event "Match"]
[Site "www.echecsemail.com"]
[Date "2015.08.06"]
[Round "1"]
[White "Pellix84"]
[Black "Orae"]
[WhiteElo "1960"]
[BlackElo "1940"]
[Result "1-0"]
[Round "1"]
1.d4 d5
2.Nb1c3 Ng8f6
3.Bc1g5 Nb8c6
4.e3 Nf6e4
5.Nc3xe4 dxe4
6.Bf1b5 f6
7.Bg5h4 g5
8.Bh4g3 Bc8d7
9.Qd1h5 
1-0

[Event "Match"]
[Site "www.echecsemail.com"]
[Date "2015.08.06"]
[Round "1"]
[White "Libiesse"]
[Black "Jhw"]
[WhiteElo "2130"]
[BlackElo "2039"]
[Result "0-1"]
[Round "1"]
1.d4 Nb8c6
2.d5 Nc6e5
3.Bc1f4 Ne5c4
4.e4 Nc4xb2
5.Qd1d4 Ng8f6
6.f3 Nf6h5
7.Bf4c1 e6
8.Bc1xb2 Qd8h4
9.Qd4f2 Qh4f4
10.Bf1d3 exd5
11.Ng1e2 Qf4d6
12.exd5 Qd6xd5
13.Nb1c3 Qd5e5
14.O-O Bf8c5
{ resign }
0-1

[Event "1/64 Finale"]
[Site "www.chess-mail.com"]
[Date "2015.08.06"]
[Round "1"]
[White "Bevittsmith"]
[Black "Llord"]
[WhiteElo "2250"]
[BlackElo "1870"]
[Result "1-0"]
[Round "1"]
1.e4 e5
2.Ng1f3 Nb8c6
3.Bf1b5 Bf8d6
4.O-O Ng8f6
5.d3 O-O
6.a3 a6
7.Bb5c4 Nc6a5
8.Bc4a2 Bd6c5
9.b4 Bc5xf2
10.Rf1xf2 Nf6g4
11.Rf2f1 Na5c6
12.h3 Ng4f6
13.Nb1c3 Nc6d4
14.Nf3xe5 d6
15.Ne5f3 Nd4xf3
16.Qd1xf3 Bc8d7
17.Bc1g5 h6
18.Bg5xf6 Qd8xf6
19.Qf3xf6 gxf6
20.Nc3d5 Bd7a4
21.Nd5xf6 Kg7
22.Rf1f2 Ba4xc2
23.Rf2xc2 Kxf6
24.Ra1f1 Ke5
25.Rc2xc7 b5
26.Rf1xf7 Rf8xf7
27.Rc7xf7 Kd4
28.Rf7f6 Kxd3
29.Ba2d5 Ra8d8
30.Rf6xh6 { resign }
1-0

[Event "Tourn. n8344"]
[Site "www.chess-mail.com"]
[Date "2015.08.07"]
[Round "1"]
[White "Panamski"]
[Black "Bojan"]
[WhiteElo "2080"]
[BlackElo "1900"]
[Result "1-0"]
[Round "1"]
1.b3 b6
2.Bc1b2 Bc8b7
3.e3 d6
4.d4 d5
5.Ng1f3 Nb8c6
6.Bf1b5 a6
7.Bb5xc6 Bb7xc6
8.Nf3e5 Bc6d7
9.Qd1f3 Bd7e6
10.h3 Ng8h6
11.Nb1d2 Qd8d6
12.O-O f6
13.Ne5d3 Nh6f7
14.Nd3f4 Nf7g5
15.Qf3g3 Be6f5
16.c3 Ng5e4
17.Nd2xe4 dxe4
18.Nf4h5 Qd6xg3
19.Nh5xg3 Bf5g6
20.Bb2a3 Kf7
21.f4 f5
22.Ng3e2 Kf6
23.g4 h6
24.Ne2g3 e6
25.Ba3xf8 Rh8xf8
26.Rf1f2 Bg6h7
27.Ra1d1 Ra8d8
28.Rf2d2 c6
29.c4 g6
30.Ng3e2 Rf8f7
31.Ne2c3 b5
32.d5 exd5
33.cxd5 b4
34.Nc3a4 Rf7d7
35.d6 fxg4
36.hxg4 g5
37.Na4c5 Rd7a7
38.f5 Bh7g8
39.Nc5xe4 Ke5
40.Rd2d4 Bg8d5
41.Ne4c5 Kxd6
42.Nc5e6 Rd8c8
43.e4 Ke5
44.exd5 cxd5
45.Rd4xd5 Kf6
46.Ne6c5 a5
47.Nc5e4 Kf7
48.Ne4d6 { resign }
1-0

[Event "Tourn. n8273"]
[Site "www.chess-mail.com"]
[Date "2015.08.07"]
[Round "1"]
[White "Liencam2"]
[Black "Churrasca"]
[WhiteElo "2280"]
[BlackElo "2120"]
[Result "1-0"]
[Round "1"]
1.e4 c5
2.Nb1c3 Nb8c6
3.Bf1b5 e5
4.Bb5xc6 dxc6
5.Ng1f3 Bf8d6
6.d3 Ng8f6
7.h3 O-O
8.O-O h6
9.Bc1e3 Bc8e6
10.Qd1d2 Nf6d7
11.Nf3h2 Qd8e7
12.f4 f5
13.fxe5 Bd6xe5
14.exf5 Be6xf5
15.Ra1e1 Qe7d6
16.Nh2f3 Be5g3
17.Be3f2 Bf5xh3
18.gxh3 Rf8xf3
19.Nc3e4 Bg3h2
20.Kh1 Qd6f4
21.Qd2xf4 Bh2xf4
22.Kg2 Rf3xf2
23.Rf1xf2 Bf4e5
24.Ne4xc5 Nd7xc5
25.Re1xe5 Nc5d7
26.Re5e7 Nd7c5
27.b4 Nc5a4
28.Rf2f7 Na4b6
29.Rf7xg7 Kf8
30.Re7xb7 Nb6d5
31.Rg7h7 Kg8
32.Rh7xh6 a5
33.bxa5 Ra8xa5
34.Rh6xc6 Ra5a8
35.a4 Nd5e3
36.Kf3 Ne3f5
37.Rc6g6 Kh8
38.Ke4 Nf5h4
39.Rg6h6 { resign }
1-0

[Event "Tourn. n8285"]
[Site "www.chess-mail.com"]
[Date "2015.08.07"]
[Round "1"]
[White "Drdoom"]
[Black "Marandlen"]
[WhiteElo "1700"]
[BlackElo "1499"]
[Result "1/2-1/2"]
[Round "1"]
1.e4 e5
2.Ng1f3 Ng8f6
3.Nf3xe5 Qd8e7
4.d4 d6
5.Ne5f3 Qe7xe4
6.Qd1e2 Bc8f5
7.Qe2xe4 Bf5xe4
8.Bf1e2 Bf8e7
9.O-O O-O
10.c3 Nb8d7
11.Rf1e1 Ra8e8
12.Bc1e3 c5
13.Nb1d2 Be4c6
14.a3 b5
15.dxc5 dxc5
16.b4 Nf6d5
17.Ra1c1 Nd5xe3
18.fxe3 a6
19.Nd2b3 Be7f6
20.Be2d1 Bc6b7
21.bxc5 Re8c8
22.Nb3a5 Bb7xf3
23.Bd1xf3 Rc8xc5
24.c4 Bf6b2
25.Rc1c2 Bb2xa3
26.Re1a1 Ba3b4
27.Bf3e2 Rf8e8
28.Kf2 Nd7f6
29.h3 Nf6e4
30.Kg1 Bb4xa5
31.Ra1xa5 Rc5c6
32.Ra5a1 g5
33.Ra1c1 Ne4g3
34.Be2f3 Rc6xc4
35.Rc2xc4 bxc4
36.Rc1xc4 Re8e5
37.Rc4a4 a5
38.Kf2 Ng3f5
39.e4 Nf5e7
40.Ke3 Ne7f5
41.Kf2 Nf5h4
42.Bf3d1 f6
43.Bd1b3 Kg7
44.Bb3d5 Nh4g6
45.Ra4xa5 h5
46.g4 h4
47.Kf3 Ng6f4
48.Ra5a7 Kh6
49.Ra7f7 { draw }
1/2-1/2

[Event "Tourn. n8310"]
[Site "www.chess-mail.com"]
[Date "2015.08.07"]
[Round "1"]
[White "Picifarkinca"]
[Black "Jjmcbride"]
[WhiteElo "1820"]
[BlackElo "1890"]
[Result "0-1"]
[Round "1"]
1.e4 e5
2.Ng1f3 f6
3.Bf1c4 Ng8e7
4.Nb1c3 c6
5.d4 b5
6.Bc4d3 d5
7.O-O b4
8.Nc3e2 dxe4
9.Bd3xe4 Ne7d5
10.dxe5 Bc8b7
 { time }
0-1

[Event "Tourn. n8310"]
[Site "www.chess-mail.com"]
[Date "2015.08.07"]
[Round "1"]
[White "Bojan"]
[Black "Raulazo"]
[WhiteElo "1890"]
[BlackElo "1889"]
[Result "1-0"]
[Round "1"]
1.e4 e5
2.Ng1f3 Nb8c6
3.Bf1c4 h6
4.d4 f6
5.dxe5 Qd8e7
6.exf6 Qe7xe4
7.Bc4e2 Ng8xf6
8.Nb1c3 Qe4b4
9.a3 Qb4c5
10.Bc1e3 Qc5e7
11.O-O b6
12.Nc3b5 d6
13.Rf1e1 a6
14.Nb5d4 Bc8b7
15.Be2d3 O-O-O
16.Nd4xc6 Bb7xc6
17.Be3xb6 Qe7d7
18.Bd3xa6 Bc6b7
19.Qd1d3 cxb6
20.Ra1d1 Kb8
21.Ba6xb7 Kxb7
22.Nf3d4 d5
23.c4 Bf8c5
24.Nd4e6 Rd8e8
25.cxd5 Bc5d6
26.Qd3b3 Re8e7
27.a4 Qd7c8
28.Rd1c1 Qc8a8
29.Rc1c6 Nf6d7
30.Rc6xd6 Qa8a5
31.Re1d1 Rh8a8
32.Rd1a1 Nd7c5
33.Qb3c4 Ra8c8
34.Qc4h4 g5
35.b4 gxh4
36.bxa5 bxa5
37.Ra1b1 Ka7
38.Rb1c1 Re7b7
39.Rd6c6 Nc5xe6
40.Rc6xc8 Ne6d4
41.Rc1c7 Ka6
42.Rc8a8 Kb6
43.Rc7xb7 Kxb7
44.Ra8xa5 Kb6
45.Ra5a8 Kc5
46.Ra8h8 Nd4f5
47.a5 Kb5
48.d6 Nf5xd6
49.a6 { resign }
1-0

[Event "Tourn. n8269"]
[Site "www.chess-mail.com"]
[Date "2015.08.07"]
[Round "1"]
[White "Gegonz"]
[Black "Julian"]
[WhiteElo "1970"]
[BlackElo "1920"]
[Result "1-0"]
[Round "1"]
1.e3 c5
2.Ng1f3 d6
3.Bf1e2 Nb8c6
4.O-O e6
5.d3 g6
6.Bc1d2 Bf8g7
7.Nb1c3 Ng8e7
8.Qd1c1 O-O
9.a3 a6
10.Ra1b1 b5
11.Nc3e4 f5
12.Ne4g3 h6
13.c4 e5
14.b4 e4
15.dxe4 fxe4
16.Ng3xe4 Bc8f5
17.Ne4g3 Bf5xb1
18.Qc1xb1 bxc4
19.Be2xc4 d5
20.Bc4d3 Nc6e5
21.Nf3xe5 Bg7xe5
22.bxc5 Kg7
23.Ng3e2 Ne7f5
24.f4 Be5c7
25.g4 Nf5h4
26.Bd2c3 Kg8
27.Ne2d4 Ra8b8
28.Qb1c2 Qd8f6
29.Nd4f5 gxf5
30.gxf5 Qf6f7
31.f6 Rb8e8
32.Qc2e2 Kh8
33.Rf1f2 Rf8g8
34.Kf1 Nh4g6
35.Qe2h5 Qf7h7
36.f7 { resign }
1-0

[Event "Tourn. n8277"]
[Site "www.chess-mail.com"]
[Date "2015.08.07"]
[Round "1"]
[White "Senitram"]
[Black "Seger"]
[WhiteElo "2590"]
[BlackElo "2690"]
[Result "1/2-1/2"]
[Round "1"]
1.Ng1f3 Ng8f6
2.d4 e6
3.c4 b6
4.g3 Bc8b7
5.Bf1g2 Bf8e7
6.O-O O-O
7.Bc1f4 d5
8.Nf3e5 Qd8c8
9.Nb1c3 dxc4
10.Qd1a4 Bb7xg2
11.Kxg2 Qc8b7
12.f3 a6
13.Qa4xc4 b5
14.Qc4b3 Rf8c8
15.Ra1c1 c5
16.dxc5 Rc8xc5
17.Ne5d3 Rc5c8
18.a4 b4
19.Nc3e4 Nb8d7
20.Ne4xf6 Nd7xf6
21.Bf4e3 Nf6d7
22.Rf1d1 h6
23.Nd3f2 a5
24.Be3d4 Nd7b6
25.Nf2g4 h5
26.Ng4e3 Rc8xc1
27.Rd1xc1 Ra8d8
28.Bd4xb6 Qb7xb6
29.Ne3c4 Qb6c5
30.Qb3e3 Qc5xe3
31.Nc4xe3 b3
32.Rc1d1 { draw }
1/2-1/2

[Event "Tourn. n8306"]
[Site "www.chess-mail.com"]
[Date "2015.08.07"]
[Round "1"]
[White "Guidom"]
[Black "Libiesse"]
[WhiteElo "2070"]
[BlackElo "2020"]
[Result "1-0"]
[Round "1"]
1.e4 c5
2.Ng1f3 e6
3.c4 Nb8c6
4.Nb1c3 a6
5.d3 g6
6.Bf1e2 Bf8g7
7.O-O Ng8e7
8.Bc1g5 O-O
9.a3 d6
10.Qd1d2 Bc8d7
11.Ra1b1 Rf8e8
12.Rf1e1 Kh8
13.b4 b6
14.b5 axb5
15.Nc3xb5 Qd8b8
16.Qd2c1 Nc6a7
17.a4 Ne7c6
18.h3 Nc6d4
19.Nf3xd4 Na7xb5
20.Nd4xb5 Ra8xa4
21.Bg5f4 e5
22.Bf4d2 f5
23.Rb1a1 Ra4xa1
24.Qc1xa1 Bd7xb5
25.cxb5 fxe4
26.dxe4 Re8e7
27.Qa1a2 Re7a7
28.Qa2e6 Ra7a2
29.Qe6xa2 { resign }
1-0

[Event "Tourn. n8297"]
[Site "www.chess-mail.com"]
[Date "2015.08.07"]
[Round "1"]
[White "Bojan"]
[Black "Jasmartin"]
[WhiteElo "1890"]
[BlackElo "1720"]
[Result "1-0"]
[Round "1"]
1.e4 g6
2.d4 Bf8g7
3.e5 d6
4.exd6 Qd8xd6
5.c3 Ng8f6
6.Bf1d3 Bc8g4
7.f3 Bg4c8
8.Ng1e2 e5
9.O-O Bc8e6
10.dxe5 Qd6xe5
11.Bc1f4 Qe5c5
12.Kh1 Nb8d7
13.Rf1e1 O-O-O
14.Nb1d2 Nd7b6
15.Qd1c2 h6
16.Nd2b3 Be6xb3
17.axb3 Nf6d5
18.b4 Qc5e7
19.Bf4g3 h5
20.Bg3f2 f5
21.Ra1a2 a6
22.b5 axb5
23.Bd3xb5 c6
24.Ne2f4 Qe7d6
25.Nf4xd5 Nb6xd5
26.Bb5f1 h4
27.Re1d1 Bg7e5
28.Bf2b6 Rd8e8
29.c4 c5
30.Ra2a8 Kd7
31.Qc2a4 Ke7
32.Ra8xe8 Rh8xe8
33.Rd1xd5 Qd6e6
34.Bb6xc5 Kf6
35.Qa4d1 Kg5
36.Bc5e3 Be5f4
37.Be3f2 Qe6f7
38.b4 Re8a8
39.Rd5d4 Ra8a3
40.Bf2xh4 Kh6
41.Rd4xf4 { resign }
1-0

[Event "Tourn. n8350"]
[Site "www.chess-mail.com"]
[Date "2015.08.07"]
[Round "1"]
[White "Panamski"]
[Black "Bojan"]
[WhiteElo "2080"]
[BlackElo "1930"]
[Result "1-0"]
[Round "1"]
1.e4 e5
2.Nb1c3 Bf8c5
3.Bf1c4 a6
4.a4 Qd8f6
5.Ng1f3 Ng8e7
6.d3 Nb8c6
7.O-O h6
8.Nc3d5 Ne7xd5
9.exd5 Nc6d4
10.Nf3xd4 Bc5xd4
11.c3 Bd4a7
12.Bc1e3 c6
13.Be3xa7 Ra8xa7
14.Rf1e1 O-O
15.Qd1h5 d6
16.Re1e3 Bc8f5
17.Re3f3 Qf6g6
18.Qh5xf5 Qg6xf5
19.Rf3xf5 c5
20.b4 b6
21.h4 f6
22.bxc5 bxc5
23.Ra1b1 Rf8d8
24.Rb1b6 a5
25.Rf5f3 Rd8d7
26.Bc4b5 Rd7d8
27.Rf3e3 Kf7
28.Re3e1 Ra7a8
29.Rb6b7 Kg6
30.Re1b1 Ra8b8
31.Bb5e8 Rd8xe8
32.Rb7xb8 { resign }
1-0

[Event "Tourn. n8347"]
[Site "www.chess-mail.com"]
[Date "2015.08.07"]
[Round "1"]
[White "Bojan"]
[Black "Panamski"]
[WhiteElo "1900"]
[BlackElo "2080"]
[Result "0-1"]
[Round "1"]
1.e4 e6
2.d4 d5
3.exd5 exd5
4.h3 Ng8f6
5.c4 Bf8b4
6.Nb1c3 O-O
7.Bf1d3 Rf8e8
8.Ng1e2 Bb4xc3
9.bxc3 h6
10.O-O c6
11.Ne2f4 dxc4
12.Bd3xc4 Nf6d5
13.Qd1f3 Bc8e6
14.Bc1d2 Nd5xf4
15.Bc4xe6 Nf4xe6
16.Qf3g4 Qd8f6
17.Ra1b1 b5
18.Rf1e1 a6
19.Re1e3 Nb8d7
20.Re3f3 Qf6g6
21.Qg4h4 Qg6xb1
22.Kh2 Qb1xa2
23.Bd2e3 Nd7f8
24.Qh4g4 Nf8g6
25.h4 Re8e7
26.h5 Ng6f8
27.Be3xh6 Qa2c2
28.Bh6e3 a5
29.h6 Qc2g6
30.Qg4h4 Ra8a7
31.Rf3g3 Qg6h7
32.Qh4g4 a4
33.Qg4f3 a3
34.Qf3d1 a2
35.Qd1a1 Qh7b1
{ resign }
0-1

[Event "Tourn. n8328"]
[Site "www.chess-mail.com"]
[Date "2015.08.07"]
[Round "1"]
[White "Hansen"]
[Black "Gatrooper"]
[WhiteElo "1510"]
[BlackElo "1470"]
[Result "0-1"]
[Round "1"]
1.e3 e5
2.Ng1f3 Nb8c6
3.Bf1b5 a6
4.Bb5xc6 dxc6
5.Nf3xe5 Qd8f6
6.f4 h6
7.c3 Bf8d6
8.Ne5c4 Bc8e6
9.Nc4a5 Be6c8
10.d4 Bd6f8
11.b4 b6
12.Na5c4 Bc8e6
13.Nc4e5 Bf8d6
14.Ne5xc6 Ng8e7
15.Nc6e5 Bd6xe5
16.dxe5 Qf6g6
17.g3 Be6h3
18.Nb1a3 Bh3g4
19.Qd1d2 Qg6e4
20.Rh1f1 Ra8d8
21.Qd2f2 Rd8d1
{ resign }
0-1